LIBRARY & INFORMATION CENTRE, KCAET, TAVANUR

ONLINE PUBLIC ACCESS CATALOGUE (OPAC)

Design, development and testing of a tractor drawn semi-automatic rhizome planter for ginger and turmeric (Record no. 14918)

MARC details
000 -LEADER
fixed length control field 00772nam a22001817a 4500
003 - CONTROL NUMBER IDENTIFIER
control field OSt
088 ## - REPORT NUMBER
Report number 362
100 ## - MAIN ENTRY--AUTHOR NAME
Personal name MADHUKUMARA D.M
245 ## - TITLE STATEMENT
Title Design, development and testing of a tractor drawn semi-automatic rhizome planter for ginger and turmeric
260 ## - PUBLICATION, DISTRIBUTION, ETC. (IMPRINT)
Place of publication Tavanur 2017
Name of publisher DEPARTMENT OF FARM POWER MACHINERY AND ENERGY
300 ## - PHYSICAL DESCRIPTION
Number of Pages 130
500 ## - GENERAL NOTE
General note Design, development and testing of a tractor drawn semi-automatic rhizome planter for ginger and turmeric
520 ## - SUMMARY, ETC.
Summary, etc Design, development and testing of a tractor drawn semi-automatic rhizome planter for ginger and turmeric
700 ## - ADDED ENTRY--PERSONAL NAME
Personal name Dr. Manoj Mathew (Guide)
856 ## - ELECTRONIC LOCATION AND ACCESS
Uniform Resource Identifier https://drive.google.com/open?id=1xQ-3jJ5VuPLQloSLU9qexbIPjFXD_u6Q
942 ## - ADDED ENTRY ELEMENTS (KOHA)
Koha item type Theses
Holdings
Collection code Home library Current library Shelving location Full call number Accession Number Koha item type Public note
Reference KAUAET KAUAET Reference 631.3 MAD/DE T 362 Theses M.Tech Thesis
free website counter